| 000 | 00850nam a22002657i 4500 | ||
|---|---|---|---|
| 003 | URS | ||
| 005 | 20220117094932.0 | ||
| 008 | 170718b xxu||||| |||| 00| 0 eng d | ||
| 020 | _a971150052 | ||
| 040 |
_erda _cURSR _beng |
||
| 050 | 0 | 0 |
_aPL 6141 _bB216 1981 |
| 100 | 1 |
_4Baltasar, Silverio, _eauthor |
|
| 245 | 1 | 0 |
_aPhilippine Literature/ past and present _cBaltasar, Silverio, Erestain,Teresita S.[and] Estanislao Ma. Fe S. |
| 250 | _aRevised Edition. | ||
| 264 | 1 |
_aManila _bKatha Publishung Company, Incorporated, _c[1981] |
|
| 264 | 4 | _c©1981 | |
| 300 |
_ax, 362 pages: _c25.2 cm. |
||
| 336 |
_2rdacontent _atext |
||
| 338 |
_2rdacarrier _avolume |
||
| 500 | _aIncliudes bibliography. | ||
| 650 | _2Philippinr Literature-- history and criticism. | ||
| 700 | _aErestain,Teresita S. | ||
| 700 | _aEstanislao Ma. Fe S. | ||
| 942 |
_2lcc _cF |
||
| 999 |
_c11923 _d11923 |
||